ロード中...

Subodhan

書誌詳細
第一著者: Sharma, Buddhi Prakash
フォーマット: Printed Book
言語:English
出版事項: 2017
LEADER 00312 a2200109 4500
008 200923b ||||| |||| 00| 0 eng 0
100 |a Sharma, Buddhi Prakash 
245 |a Subodhan 
260 |c 2017 
942 |2 ddc  |c BK 
999 |c 352923  |d 352923 
952 |0 0  |1 0  |2 ddc  |4 0  |7 0  |9 407962  |a UL  |b UL  |c PROC  |d 2020-09-23  |l 0  |p G11423  |r 2020-09-23  |y BK